| 000 | 00390nam a2200157 a 4500 | ||
|---|---|---|---|
| 001 | 0548 | ||
| 005 | 20140414132022.0 | ||
| 008 | 040201s19uu xx 00 eng d | ||
| 020 | _a0-394-87222-3 | ||
| 050 |
_aTR _bG54 1984 |
||
| 100 | _aHill, Susan | ||
| 245 |
_aGo away, bad dreams / _cSusan Hill. |
||
| 260 |
_aNew York : _bRandom House, _c1984. |
||
| 300 | _ap. ; cm. | ||
| 999 |
_c113478 _d113478 |
||